|
|
|
|
| LEADER |
00000nam a22000007a 4500 |
| 005 |
20150813221811.0 |
| 007 |
cr|||| |||| |
| 008 |
150813s2014 es |||||s|||| 00||0 spa d |
| 020 |
|
|
|a 978-84-942709-7-0
|
| 035 |
|
|
|a 12829
|
| 040 |
|
|
|a vLex
|
| 090 |
|
|
|c 5546
|d 5546
|
| 100 |
1 |
|
|a Marn̕ Narros, Hčtor Daniel
|
| 245 |
1 |
0 |
|a Compendio y anl̀isis de los principales pronunciamientos del Tribunal Supremo en materia financiera
|h [Recurso electrn̤ico] /
|c Hčtor Daniel Marn̕ Narros
|
| 256 |
|
|
|a Servicio en ln̕ea
|
| 260 |
|
|
|a Barcelona:
|b J.M. Bosch Editor,
|c 2014
|
| 300 |
|
|
|a 1 recurso electrn̤ico
|
| 500 |
|
|
|a El libro que el lector tiene entre sus manos es un estudio riguroso y pormenorizado de la reciente jurisprudencia del Tribunal Supremo que se ha dictado en relacin̤ con los contratos bancarios y de inversin̤. En ľ, desde un enfoque prc̀tico, se analiza la doctrina contenida en las sentencias comentadas que puede resultar de aplicacin̤ en la infinidad de litigios que se han iniciado sobre esta clase de contratos. Asimismo, este trabajo aborda las cuestiones de tčnica casacional que la jurisprudencia analizada contiene. Por consiguiente, este libro es una herramienta t︢il para conocer esta materia recurrente en los tribunales, as ̕como en la prensa, que resulta de particular interš en nuestros da̕s. En ľ se estudian las sentencias del Alto Tribunal dictadas respecto a participaciones preferentes, clùsulas suelo, swaps, deps̤itos estructurados, hedge funds e incluso el contrato de comisin̤ burst̀il. Por ello mediante esta obra se puede conocer no solo el posicionamiento del Tribunal Supremo respecto a este tipo de controversias, sino tambiň la actual postura de la jurisprudencia menor y la doctrina sobre estas disputas. Todo ello sin olvidar las prc̀ticas indicaciones de tčnica casacional que se mencionan en este libro, que pueden resultar de especial utilidad a la hora de interponer el correspondiente recurso ante el Alto Tribunal.
|
| 506 |
1 |
|
|a Disponible solo en los productos indicados
|d vLex Global
|d vLex Global (Academic Edition, excluding Law Schools)
|d vLex Global (U.S. Academic Edition, Law Schools)
|d vLex Global (U.S. Academic Edition, excluding Law Schools)
|d vLex Global (Academic Edition, Law Schools)
|
| 650 |
0 |
4 |
|a Financiero
|z Espaą
|
| 740 |
0 |
|
|a vLex Libros (Servicio en ln̕ea)
|
| 856 |
4 |
0 |
|u http://vlex.com/source/compendio-y-analisis-de-los-principales-pronunciamientos-del-tribunal-supremo-en-materia-financiera-12829
|z Acceso restringido
|
| 942 |
|
|
|c BOOK
|
| 999 |
0 |
|
|a Financial
|